Vista normal Vista MARC

Entrada Personal Name

Número de registros utilizados en: 3

001 - CONTROL NUMBER

  • control field: 2201

003 - CONTROL NUMBER IDENTIFIER

  • control field: OSt

005 - DATE AND TIME OF LATEST TRANSACTION

  • control field: 20230519135706.0

008 - FIXED-LENGTH DATA ELEMENTS

  • fixed length control field: 230519|| aca||aabn | a|a d

040 ## - CATALOGING SOURCE

  • Original cataloging agency: OSt
  • Transcribing agency: OSt

100 ## - HEADING--PERSONAL NAME

  • Personal name: Novelo, Jorge \ Pacheco, Laura Emilia

670 ## - SOURCE DATA FOUND

  • Source citation: Work cat.: (OSt)0: Cross, Gillian 2194, Un mapa de ninguna parte / Guillian Cross ; traducido por Laura Emilia Pacheco ; ilustrado por Jorge Novelo









Instituto Departamental de Cultura del Meta - Red Departamental de Bibliotecas Públicas del Meta.